banner-ar

The International Who`s Who / (Record no. 60815)

MARC details
000 -الفاتح
حقل البيانات ثابتة الطول 00611nam a2200229 4500
005 - وقت وتاريخ اخر تعامل مع التسجيلة
رقم الضبط 20240530110429.0
008 - عناصر البيانات ثابتة الطول - معلومات عامة
حقل البيانات ثابتة الطول 150330s1935 uk g |||| 000 0 eng d
020 ## - الرقم الدولى المعيارى للكتب
الرقم الدولى المعيارى للكتاب 1857435109
020 ## - الرقم الدولى المعيارى للكتب
الرقم الدولى المعيارى للكتاب 9781857435108
022 ## - الرقم الدولى المعيارى للدوريات
المصدر 00749613
040 ## - مصدر الفهرسة
وكالة الفهرسة الأصلية EG-CaGPL
وكالة النسخ EG-CaGPL
082 04 - رقم تصنيف ديوى العشرى
رقم الطبعة 21
رقم التصنيف 920.7
رقم المادة REF/E I
100 1# - المدخل الرئيسى - إسم شخصى
الإسم الشخصى Elster, Robert J
245 14 - بيان العنوان
العنوان The International Who`s Who /
بيان المسئوليه,etc Amy Tyndall , joanne corsan
260 ## - PUBLICATION, DISTRIBUTION, ETC. (IMPRINT)
تاريخ النشر أو التوزيع 1935 .
300 ## - الوصف المادى
التعداد 2464 p. ;
أبعاد الوعاء 28 cm.
650 #0 - المدخل الاضافى بالموضوع-مصطلح موضوعى
مصطلح موضوعي Knowledge
700 1# - المدخل الاضافى - اسم شخصى
الإسم الشخصى Tyndall , Amy
942 ## - عناصر المدخل الإضافي( كوها)
مصدر التصنيف او مخطط الترفيف Dewey Decimal Classification
Koha [default] item type كتاب
260 ## - PUBLICATION, DISTRIBUTION, ETC. (IMPRINT)
-- London :
-- Routledge ,
Holdings
حالة التراجع حالة الفقد مصدر التصنيف او خطة الترفيف حالة تلف ليس للاعارة المكان المؤقت الموقع الحالى تاريخ الاكتساب اجمالي اﻻعارات رقم الطلب الباركود تاريخ اخر مشاهدة تاريخ تفعيل السعر نوع وعاء كوها
    ddc     مكتبة القاهرة الكبرى مكتبة القاهرة الكبرى 03/30/2015   920.7 REF/E I 159974 03/30/2015 03/30/2015 كتاب

Powered By

EGPV